[Event "Solingen Karneval op"]
[Site "Solingen"]
[Date "2012.02.18"]
[Round "3"]
[White "Rist, Kurt"]
[Black "Rameker, Robert"]
[Result "1/2-1/2"]
[WhiteElo "1662"]
[BlackElo "1405"]
[PlyCount "84"]
[EventDate "2012.02.17"]
[EventType "swiss"]
[EventRounds "5"]
[EventCountry "GER"]
[SourceTitle "EXT 2015"]
[Source "ChessBase"]
[SourceDate "2014.11.20"]
[SourceVersion "1"]
[SourceVersionDate "2014.11.20"]
[SourceQuality "1"]

1. e4 c6 2. d4 d5 3. Nc3 dxe4 4. Nxe4 Bf5 5. Ng3 Bg6 6. Nf3 e6 7. c4 Nf6 8. Bd3 Bxd3 9. Qxd3 Bd6 10. 0-0 h6 11. a3 0-0 12. b4 Nbd7 13. Bb2 Re8 14. Rad1 Qc7 15. Rfe1 a5 16. Bc3 axb4 17. axb4 Ra3 18. Ra1 Rea8 19. Qd2 b5 20. Rxa3 Rxa3 21. Ne5 bxc4 22. Nxc4 Ra7 23. Ne5 Nd5 24. Qb2 Rb7 25. Ra1 Nxe5 26. dxe5 Bxb4 27. Ra8+ Kh7 28. Qc2+ g6 29. Bb2 Rb8 30. Rxb8 Qxb8 31. Qxc6 Qc7 32. Qxc7 Nxc7 33. Ne4 Be7 34. g3 Nd5 35. h4 Kg7 36. Nd6 Bxd6 37. exd6+ Kf8 38. Bc1 h5 39. Kg2 Ke8 40. Kf3 Kd7 41. Ba3 Nb6 42. Kf4 f6 1/2-1/2

[Event "Solingen Karneval op"]
[Site "Solingen"]
[Date "2012.02.17"]
[Round "1"]
[White "Zolfagharian, Kevin"]
[Black "Rameker, Robert"]
[Result "1-0"]
[WhiteElo "1979"]
[BlackElo "1405"]
[PlyCount "69"]
[EventDate "2012.02.17"]
[EventType "swiss"]
[EventRounds "5"]
[EventCountry "GER"]
[SourceTitle "EXT 2015"]
[Source "ChessBase"]
[SourceDate "2014.11.20"]
[SourceVersion "1"]
[SourceVersionDate "2014.11.20"]
[SourceQuality "1"]

1. e4 c6 2. d4 d5 3. e5 Bf5 4. g4 Bd7 5. Nc3 e6 6. Be3 f6 7. f4 Be7 8. Qd2 fxe5 9. fxe5 Bh4+ 10. Kd1 h6 11. Nf3 Be7 12. Bd3 Qb6 13. Na4 Qb4 14. Qxb4 Bxb4 15. c3 Ba5 16. b4 Bc7 17. Bg6+ Kd8 18. Nc5 b6 19. Nb3 Ne7 20. Bd3 Kc8 21. Rf1 Rf8 22. Ke2 Kb7 23. a4 Be8 24. g5 h5 25. g6 Nf5 26. Nh4 Bd7 27. Nxf5 exf5 28. Rf3 Be6 29. Raf1 Nd7 30. Bxf5 Bxf5 31. Rxf5 Rxf5 32. Rxf5 Rf8 33. Rf7 Rxf7 34. gxf7 Nf8 35. Bg5 1-0

[Event "Dortmund Sparkassen op-B"]
[Site "Dortmund"]
[Date "2011.07.30"]
[Round "8"]
[White "Rameker, Robert"]
[Black "Der, Josef"]
[Result "1/2-1/2"]
[WhiteElo "1351"]
[BlackElo "1810"]
[PlyCount "59"]
[EventDate "2011.07.23"]
[EventType "swiss"]
[EventRounds "9"]
[EventCountry "GER"]
[SourceTitle "EXT 2013"]
[Source "ChessBase"]
[SourceDate "2012.11.22"]
[SourceVersion "1"]
[SourceVersionDate "2012.11.22"]
[SourceQuality "1"]

1. d4 d5 2. c4 c6 3. Nc3 Nf6 4. Bg5 e6 5. e3 Be7 6. Nf3 Nbd7 7. Bd3 dxc4 8. Bxc4 b5 9. Bd3 Bb7 10. 0-0 0-0 11. Bxf6 Bxf6 12. Qe2 a6 13. Rac1 Rc8 14. Ne4 Be7 15. Nfd2 f5 16. Nc5 Nxc5 17. dxc5 Qd5 18. Nb3 e5 19. e4 fxe4 20. Qxe4 Qxe4 21. Bxe4 Rf5 22. Rfe1 Rcf8 23. f3 Bd8 24. Rcd1 R5f7 25. Rd6 Bc7 26. Re6 a5 27. Bxc6 Bc8 28. Re8 a4 29. Rxf8+ Kxf8 30. Nc1 1/2-1/2

[Event "Dortmund Sparkassen op-B"]
[Site "Dortmund"]
[Date "2011.07.29"]
[Round "7"]
[White "Simeonidis, Marios"]
[Black "Rameker, Robert"]
[Result "1/2-1/2"]
[WhiteElo "1446"]
[BlackElo "1351"]
[PlyCount "42"]
[EventDate "2011.07.23"]
[EventType "swiss"]
[EventRounds "9"]
[EventCountry "GER"]
[SourceTitle "EXT 2013"]
[Source "ChessBase"]
[SourceDate "2012.11.22"]
[SourceVersion "1"]
[SourceVersionDate "2012.11.22"]
[SourceQuality "1"]

1. e4 c6 2. c3 d5 3. exd5 cxd5 4. d4 Nf6 5. Be2 Bf5 6. Nf3 e6 7. 0-0 Nc6 8. Bg5 Be7 9. h3 0-0 10. Nh4 Bg6 11. Nxg6 hxg6 12. a3 Nd7 13. Be3 a6 14. Bf3 Bg5 15. Qd2 Bxe3 16. fxe3 b5 17. b4 Nb6 18. Be2 Na7 19. Bd3 Qc7 20. Qf2 Qxc3 21. h4 Qc7 1/2-1/2

[Event "Dortmund Sparkassen op-B"]
[Site "Dortmund"]
[Date "2011.07.27"]
[Round "5"]
[White "Schweda, Albert"]
[Black "Rameker, Robert"]
[Result "1/2-1/2"]
[WhiteElo "1575"]
[BlackElo "1351"]
[PlyCount "32"]
[EventDate "2011.07.23"]
[EventType "swiss"]
[EventRounds "9"]
[EventCountry "GER"]
[SourceTitle "EXT 2013"]
[Source "ChessBase"]
[SourceDate "2012.11.22"]
[SourceVersion "1"]
[SourceVersionDate "2012.11.22"]
[SourceQuality "1"]

1. e4 c6 2. Nf3 d5 3. exd5 cxd5 4. d4 Bg4 5. Be2 e6 6. 0-0 Be7 7. Nc3 Nf6 8. h3 Bxf3 9. Bxf3 0-0 10. Re1 Nc6 11. a3 a6 12. b3 Qb6 13. Be3 Rac8 14. Na4 Qc7 15. Qd3 Rfd8 16. b4 e5 1/2-1/2

[Event "Duesseldorf Nord Cup 9th GrM"]
[Site "Duesseldorf"]
[Date "2009.08.16"]
[Round "5"]
[White "Weindel, Joshua"]
[Black "Rameker, Robert"]
[Result "1/2-1/2"]
[WhiteElo "1539"]
[BlackElo "1229"]
[PlyCount "42"]
[EventDate "2009.08.14"]
[EventType "tourn"]
[EventRounds "5"]
[EventCountry "GER"]
[SourceTitle "EXT 2020"]
[Source "ChessBase"]
[SourceDate "2019.10.17"]
[SourceVersion "1"]
[SourceVersionDate "2019.10.17"]
[SourceQuality "1"]

1. d4 Nf6 2. Bf4 e6 3. e3 Nc6 4. Nd2 b6 5. Bd3 Bb7 6. Ngf3 d6 7. 0-0 Qd7 8. c3 0-0-0 9. a4 Nb8 10. b4 Bxf3 11. Qxf3 Qc6 12. Qxc6 Nxc6 13. Ba6+ Kd7 14. Nb3 d5 15. Bb5 Ra8 16. a5 Bd6 17. Bxd6 cxd6 18. axb6 axb6 19. g3 Rhb8 20. f3 Kc7 21. Rxa8 Rxa8 1/2-1/2